000 00278nam a22001337a 4500
003 SGT
082 _a370.973
_bJOH
100 _aJOHANSEN JOHN H
245 _aAMERICAN EDUCATION
260 _aU S A
_bW M C BROWN PUB
_c1971
300 _a386
650 _aAG
942 _2ddc
_cRARE
999 _c33707
_d33707